000
00249nam a2200097Ia 4500
008
220204s9999 xx 000 0 und d
082
_a
658
_b
HAN
245
0
_a
Handbook of 2000 small industry lines
260
_a
Bombay
_b
Productivity
_c
1971
942
_c
BK
999
_c
21660
_d
21660